LEADER 01361nam a2200325 u 4500 001 000000030366 003 CaOOAMICUS 005 20070226112023.0 008 970915s1997 it u000 u ita u 020 $a887653136X 035 $a10769332 040 $aBAV$bita 100 1 $aManzi, Franco.$0(OLS)http://pul/name/24483 245 10$aMelchisedek e l'angelologia nell'epistola agli Ebrei e a Qumran /$cFranco Manzi. 260 $aRoma :$bPontificio Istituto Biblico,$c1997. 300 $axvii, 433 p. ;$c24 cm 490 1 $aAnalecta biblica ;$v136 504 $aComprende indicazioni bibliografiche. 630 04$aBiblia.$pN.T.$pAd Hebraeos.$0(OLS)http://pul/subject/8459 650 4$aAngeli.$0(OLS)http://pul/subject/1404 830 0$aAnalecta biblica ;$v136.$0(OLS)http://pul/title/100 850 $aPUL 852 $aPUL$W1$xSL Religione 1$y3$m10(4) A 136$j41943$n $b $qStampati$B41943$CPULBib$Z2$F41943 $81 852 $aPUL$W1$xDP1 Tesi Pon. Ist. Biblico$y33$mTH BIB 203$j181986$qTesi$B185165$CPULBib$Z2$F185165 $82 941 1 $a8 941 1 $a16 961 $aINV: 76578 996 $6020$a887653136X$9(OLS)http://pul/number/38104 996 $6245$aMelchisedek e l'angelologia nell'epistola agli Ebrei e a Qumran$9(OLS)http://pul/title/41727 996 $6260$aRoma :$bPontificio Istituto Biblico$9(OLS)http://pul/publisher/49008 LEADER 01349nam a2200301 u 4500 001 000000077047 003 CaOOAMICUS 005 20070226123258.0 008 040116s1994 sp u000 u spa u 020 $a848169004X 035 $a10981119 040 $aPUL(R)$bita 245 00$aG&AGenesis Rabbah I :$b(G&AGenesis 1-11) : comentario midrásico al libro del G&AGenesis /$cLuis Vegas Montaner. 260 $aEstella (Navarra) :$bVerbo Divino,$c1994. 300 $a437 p. ;$c24 cm 490 1 $aBiblioteca midrásica ;$v15 500 $aComprende indici. 504 $aBibliografia in nota. 630 04$aBiblia.$pV.T.$pGenesis$xCommenti.$0(OLS)http://pul/subject/637 650 4$aLetteratura religiosa ebraica.$0(OLS)http://pul/subject/2240 700 1 $aVegas Montaner, Luis.$0(OLS)http://pul/name/51288 830 0$aBiblioteca midrásica ;$v15.$0(OLS)http://pul/title/67978 850 $aPUL 852 $aPUL$W1$xSL Religione 1$y3$m1(2) B 34.15$j98963$nBK-PRI$b $qStampati$B98963$CPULBib$Z2$F98963 $HPUL91512 $81 941 1 $a8 996 $6020$a848169004X$9(OLS)http://pul/number/100990 996 $6245$aG&AGenesis Rabbah I :$b(G&AGenesis 1-11) : comentario midrásico al libro del G&AGenesis$9(OLS)http://pul/title/100979 996 $6260$aEstella (Navarra) :$bVerbo Divino$9(OLS)http://pul/publisher/74944